000 00430nam a2200181Ia 4500
005 20250423100510.0
008 250422s9999 xx 000 0 und d
020 _a9789351116721
050 _aTP 690 .S56/
100 _aSingh, R. K.
245 0 _aPetroleum refining processess
260 _aNew Delhi
260 _bRandom Publications
260 _c2015
300 _a304 p
650 _aPetroleum refining
942 _cBK
999 _c33491
_d33491